000 00652nam a2200229 a 4500
003 OSt
005 20131018185030.0
008 131018s2004 xx ||||| |||| 00| 0 eng d
040 _cBiblioteca Medicina
041 _aeng
082 _bVARIOS 0414
110 _aThomson Healthcare
_92759
245 0 0 _aOncology Prescribing Guide
250 _a1ยบ ed.
260 _as/l
_bThomson Healthcare
_c2004
300 _a772 p.
653 _aONCOLOGIA-TRATAMIENTOS
653 _aONCOLOGIA-GUIA
653 _aONCOLOGIA-MEDICAMENTOS
942 _2ddc
_cPH
999 _c1831
_d1831
952 _40
_00
_bBFM
_10
_oVARIOS 0414
_d2013-10-18
_tEj. 1
_8NFIC
_70
_cCR
_2ddc
_yPH
_aBFM